Object lessons for children's worship. (Record no. 9958)

000 -LEADER
fixed length control field 00676nam a2200193 a 4500
001 - CONTROL NUMBER
control field :::00007743$&:&@@
003 - CONTROL NUMBER IDENTIFIER
control field OkBaRHE
005 - DATE AND TIME OF LATEST TRANSACTION
control field 20110308183006.0
008 - FIXED-LENGTH DATA ELEMENTS--GENERAL INFORMATION
fixed length control field s1987 j 000 0 eng u
040 ## - CATALOGING SOURCE
Transcribing agency
100 1# - MAIN ENTRY--PERSONAL NAME
Personal name Loeks, Mary Foxwell.
245 10 - TITLE STATEMENT
Title Object lessons for children's worship.
260 ## - PUBLICATION, DISTRIBUTION, ETC. (IMPRINT)
Place of publication, distribution, etc Grand Rapids, MI., :
Name of publisher, distributor, etc Baker Book House
Date of publication, distribution, etc 1987
300 ## - PHYSICAL DESCRIPTION
Extent 101 p. ;
Dimensions 19 cm.
650 ## - SUBJECT ADDED ENTRY--TOPICAL TERM
Topical term or geographic name as entry element Object-teaching
942 ## - ADDED ENTRY ELEMENTS (KOHA)
Source of classification or shelving scheme
Koha item type Books
Copies
Price effective from Koha item type Copy number Lost status Source of classification or shelving scheme Date acquired Date last seen Permanent Location Barcode Shelving location Not for loan Withdrawn status Damaged status Full call number
2010-04-14Books1  2010-04-142010-04-14RHEMA Bible Training College7743General Stacks   BV 1535 .L63
2010-04-14Books2  2010-04-142011-03-08RHEMA Bible Training College16449General Stacks   BV 1535 .L63